World bank in India : undermining sovereignty, distorting development (Record no. 443536)

000 -LEADER
fixed length control field 00572cam a22001697a 4500
008 - FIXED-LENGTH DATA ELEMENTS--GENERAL INFORMATION
fixed length control field 180718b2010 xxu||||| |||| 00| 0 eng d
020 ## - INTERNATIONAL STANDARD BOOK NUMBER
International Standard Book Number 9788125038641
082 ## - DEWEY DECIMAL CLASSIFICATION NUMBER
Classification number T421x54 K287
245 ## - TITLE STATEMENT
Title World bank in India : undermining sovereignty, distorting development
Statement of responsibility, etc. edited by Michele Kelley and Deepika D' Souza
260 ## - PUBLICATION, DISTRIBUTION, ETC.
Place of publication, distribution, etc. New Delhi
Name of publisher, distributor, etc. Orient
Date of publication, distribution, etc. 2010
300 ## - PHYSICAL DESCRIPTION
Extent 507p.
650 ## - SUBJECT ADDED ENTRY--TOPICAL TERM
Topical term or geographic name entry element India --Economic conditions --1991-
650 ## - SUBJECT ADDED ENTRY--TOPICAL TERM
Topical term or geographic name entry element Economic assistance --India --Evaluation
650 ## - SUBJECT ADDED ENTRY--TOPICAL TERM
Topical term or geographic name entry element World Bank --India
700 ## - ADDED ENTRY--PERSONAL NAME
Personal name D'souza, Deepika
700 ## - ADDED ENTRY--PERSONAL NAME
Personal name Kelley, Michele
Holdings
Withdrawn status Lost status Damaged status Not for loan Permanent Location Current Location Date acquired Full call number Barcode Date last seen Price effective from Koha item type
        Indian Institute of Public Administration Indian Institute of Public Administration 2014-01-03 T421x54 K287 85430 2018-07-21 2018-07-21 Book

Powered by Koha